Blackstone's international human rights documents / (Record no. 18475)
[ view plain ]
| 000 -LEADER | |
|---|---|
| fixed length control field | 01754nam a22004452 4500 |
| 001 - CONTROL NUMBER | |
| control field | 0000025402 |
| 003 - CONTROL NUMBER IDENTIFIER | |
| control field | OSt |
| 005 - DATE AND TIME OF LATEST TRANSACTION | |
| control field | 20200813123018.0 |
| 008 - FIXED-LENGTH DATA ELEMENTS--GENERAL INFORMATION | |
| fixed length control field | 150902s xx 000 0 eng d |
| 020 ## - INTERNATIONAL STANDARD BOOK NUMBER | |
| International Standard Book Number | 0198818571 |
| 040 ## - CATALOGING SOURCE | |
| Original cataloging agency | KABU |
| Transcribing agency | KABU |
| 245 10 - TITLE STATEMENT | |
| Title | Blackstone's international human rights documents / |
| Statement of responsibility, etc. | edited by Alison Bisset. |
| 250 ## - EDITION STATEMENT | |
| Edition statement | 11th ed. |
| 260 ## - PUBLICATION, DISTRIBUTION, ETC. (IMPRINT) | |
| Place of publication, distribution, etc. | Oxford : |
| Name of publisher, distributor, etc. | O.U.P, |
| Date of publication, distribution, etc. | 2018. |
| 300 ## - PHYSICAL DESCRIPTION | |
| Extent | ix, 500p. |
| 650 #0 - SUBJECT ADDED ENTRY--TOPICAL TERM | |
| Topical term or geographic name as entry element | Human rights |
| General subdivision | History |
| -- | Sources. |
| 700 1# - ADDED ENTRY--PERSONAL NAME | |
| Personal name | Bisset, Alison. |
| 908 ## - PUT COMMAND PARAMETER (RLIN) | |
| Put command parameter | 150902 |
| 942 ## - ADDED ENTRY ELEMENTS (KOHA) | |
| Source of classification or shelving scheme | Library of Congress Classification |
| Koha item type | General Collection |
| Withdrawn status | Lost status | Source of classification or shelving scheme | Not for loan | Home library | Current library | Date acquired | Cost, normal purchase price | Total Checkouts | Full call number | Barcode | Date last seen | Date last checked out | Price effective from | Koha item type | Total Renewals |
|---|---|---|---|---|---|---|---|---|---|---|---|---|---|---|---|
| Library of Congress Classification | Kabarak, Main Campus | Kabarak, Main Campus | 13/08/2020 | 2524.00 | 2 | K3238 .I58 2018 c.1 | 030478 | 14/04/2022 | 29/03/2022 | 13/08/2020 | General Collection | ||||
| Library of Congress Classification | Kabarak, Main Campus | Kabarak, Main Campus | 13/08/2020 | 2524.00 | 3 | K3238 .I58 2018 c.2 | 030479 | 14/04/2022 | 02/04/2022 | 13/08/2020 | General Collection | 1 | |||
| Library of Congress Classification | Kabarak, Main Campus | Kabarak, Main Campus | 13/08/2020 | 2524.00 | 1 | K3238 .I58 2018 c.3 | 030480 | 29/01/2022 | 07/01/2022 | 13/08/2020 | General Collection | ||||
| Library of Congress Classification | Kabarak, Main Campus | Kabarak, Main Campus | 13/08/2020 | 2524.00 | 5 | K3238 .I58 2018 c.4 | 030481 | 03/12/2024 | 16/11/2024 | 13/08/2020 | General Collection | ||||
| Library of Congress Classification | Kabarak, Main Campus | Kabarak, Main Campus | 13/08/2020 | 2524.00 | 3 | K3238 .I58 2018 c.5 | 030482 | 06/04/2021 | 19/03/2021 | 13/08/2020 | General Collection |